Lịch sử và giáo dục lịch sử

Enregistré dans:
Détails bibliographiques
Auteur principal: Phan Ngọc Liên
Format: Livre
Langue:Undetermined
Publié: Hà Nội Chính trị Quốc gia 2003
Sujets:
Tags: Ajouter un tag
Pas de tags, Soyez le premier à ajouter un tag!
Thư viện lưu trữ: Trung tâm Học liệu Trường Đại học Cần Thơ
LEADER 00501nam a2200181Ia 4500
001 CTU_62117
008 210402s9999 xx 000 0 und d
020 |b 60000 
082 |a 907 
082 |b L305 
100 |a Phan Ngọc Liên 
245 0 |a Lịch sử và giáo dục lịch sử 
260 |a Hà Nội 
260 |b Chính trị Quốc gia 
260 |c 2003 
650 |a Education,study,teaching 
904 |i M.Loan 
980 |a Trung tâm Học liệu Trường Đại học Cần Thơ